Score 0/12 Timer 01:00
0 Plays Today
Clue 4-Letter Word % Correct
What Dr. House needs to walkCANE
94.3%
Where your butt goes on the bikeSEAT
89.2%
What police call the crime they're working onCASE
88.4%
DesireWANT
85.8%
Get smaller, like the moonWANE
83.4%
No longer straightBENT
81.5%
DepartedWENT
75.7%
Extremely exhaustedBEAT
74.8%
A specialized police unit for emergenciesSWAT
70%
Rock back and forthSWAY
64.6%
First half of a Tom Hanks filmCAST
58.9%
Second half of a Tom Hanks filmAWAY
54.2%

Today's Daily Dose

Missing Word
'T' Pairs

Word Ladder
Game Pieces

Get the Picture
Baseball Movies

Remove Ads.
Support Sporcle.
Get the best of Sporcle when you Go Orange. This ad-free experience offers more features, more stats, and more fun while also helping to support Sporcle. Thank you for becoming a member.

You're not logged in!

Compare scores with friends on all Sporcle quizzes.
OR
Log In

Show Comments

Extras

Top Quizzes Today


Score Distribution

Your Account Isn't Verified!

In order to create a playlist on Sporcle, you need to verify the email address you used during registration. Go to your Sporcle Settings to finish the process.

Report this User

Report this user for behavior that violates our Community Guidelines.

Details: